| 000 | 00502nam a2200109Ia 4500 | ||
|---|---|---|---|
| 008 | 171212s9999 xx 000 0 und d | ||
| 100 | _aBroyles, James R.;Glick, Peter;Hu, Jianhui;Lim, Yee-Wei | ||
| 245 |
_cBroyles, James R.;Glick, Peter;Hu, Jianhui;Lim, Yee-Wei _aCataract Blindness and Simulation-Based Training for Cataract Surgeons _bAn Assessment of the HelpMeSee Approach |
||
| 260 |
_bRAND Corporation _c2012 |
||
| 650 | _aHealth Sciences | ||
| 856 | _uhttp://www.jstor.org/stable/10.7249/j.ctt5hhvbk | ||
| 999 |
_c351836 _d351836 |
||